Más allá del tiempo y del espacio: la solidaridad como pilar secular y transnacional de la reproducción familiar y social soninké /
La sociedad soninké ha logrado perdurar en el tiempo y el espacio a pesar de haberse convertido la migración en un fenómeno estructural. En situación transnacional, la reproducción del orden social tradicional, fundamentado en el patrilinaje y atravesado de múltiples desigualdades (entre clases soci...
में बचाया:
| मुख्य लेखक: | |
|---|---|
| स्वरूप: | पुस्तक |
| भाषा: | Spanish |
| विषय: | |
| टैग: |
टैग जोड़ें
कोई टैग नहीं, इस रिकॉर्ड को टैग करने वाले पहले व्यक्ति बनें!
|
MARC
| LEADER | 00000nam a22000007a 4500 | ||
|---|---|---|---|
| 003 | cru CIDCACS/IIS | ||
| 005 | 20200925161331.0 | ||
| 007 | ta | ||
| 008 | 170421e2009 b ||||| |||| 00| 0 spa d | ||
| 999 | |c 19215 |d 19215 | ||
| 040 | |c CRAI/IIS |a CRAI/IIS | ||
| 100 | 1 | |9 4340 |a Mendiguren, Berta | |
| 245 | 1 | |a Más allá del tiempo y del espacio: |b la solidaridad como pilar secular y transnacional de la reproducción familiar y social soninké / |c Berta Mendiguren | |
| 300 | |a páginas 121-149 : |b mapas | ||
| 520 | |a La sociedad soninké ha logrado perdurar en el tiempo y el espacio a pesar de haberse convertido la migración en un fenómeno estructural. En situación transnacional, la reproducción del orden social tradicional, fundamentado en el patrilinaje y atravesado de múltiples desigualdades (entre clases sociales, generaciones y géneros), es posibilitado por la actualización de las diferentes redes de solidaridad y compromiso mutuo, que tanto familiares como comunitarias, la caracterizan. Y que se traducen tanto a través de las remesas como del asociacionismo. Sin embargo, el creciente cierre de fronteras que se vive en Europa así como la situación de las segundas y terceras generaciones nacidas en exilio estaría poniendo en peligro a la sociedad soninké en su conjunto. Se utiliza en la investigación una metodología cualitativa, acorde a la perspectiva holística y relacional de la Antropología, y se utilizan técnicas como la observación participante complementada con entrevistas, historias de vida, genealogías, análisis histórico y bibliográfico. KDV/160817 | ||
| 650 | 1 | 0 | |9 299 |a MIGRACION |
| 650 | 1 | 0 | |9 2524 |a METODOS DE INVESTIGACION |
| 650 | 1 | 0 | |9 77 |a DESIGUALDAD SOCIAL |
| 650 | 0 | |9 5214 |a SOLIDARIDAD | |
| 650 | 0 | |9 5215 |a ASOCIACIONISMO | |
| 773 | 0 | |0 18782 |9 677 |a Universidade Federal Do Paraná. |d Curitiba Paraná, Brasil: Editora da UFPR, |o R14856 |t História: |x 01006932 | |
| 942 | |2 ddc |c PP | ||
